| 000 | 00834cam a2200277 4500 | ||
|---|---|---|---|
| 001 | 6768 | ||
| 003 | BD-RjUL | ||
| 005 | 20211208234317.0 | ||
| 008 | 120114s1968 enka b 000 0 eng | ||
| 035 | _a(BD-RjUL)6809 | ||
| 040 |
_aDLC _cDLC _dICU _dDLC _dBD-RjUL _beng |
||
| 041 | _aeng | ||
| 082 | 0 | 0 |
_a519.1 _219 _bROT 1968 |
| 100 | 1 |
_aRoach, S. A. _q(Stanley Alec) _921285 |
|
| 245 | 1 | 4 |
_aThe theory of random clumping / _cS. A. Roach. |
| 260 |
_aLondon : _bMethuen, _cc1968. |
||
| 300 |
_avii, 94 p. : _billus. ; _c23 cm. |
||
| 350 | _a25/- | ||
| 500 | _a"Distribution in the U.S.A. by Barnes & Noble." | ||
| 504 | _aBibliography: p. 91-92. | ||
| 650 | 0 |
_aProbabilities. _9243 |
|
| 942 |
_2ddc _cBK |
||
| 999 |
_c6768 _d6768 |
||